000 00872cam a2200265u 4500
001 15195
003 BD-RjUL
005 20211208235752.0
008 140209s1962 enk 001 0 eng
035 _a(BD-RjUL)15249
040 _aDLC
_cCarP
_dDLC
_dBD-RjUL
_beng
041 _aeng
082 _221
_a657.3
_bTOB 1962
100 1 _aTovey, Philip. [from old catalog]
_947270
245 1 0 _aBalance sheets :
_bhow to read and understand them ; a guide for investors, business men, commercial students, etc. //
_cPhilip Tovey
250 _a4th ed.
260 _aLondon :
_bIsaac Pitman,
_cc1954 [ Reprinted 1962 ].
300 _aviii, 126 p. ;
_c23 cm.
504 _aIncludes index.
650 0 _aFinancial statements.
_947271
700 1 _aDe Paula, F. Clive
_q(Frederic Clive),
_d1916-
_9230010
942 _2ddc
_cBK
999 _c15195
_d15195